000 00607nam a22002297a 4500
003 UA-OsUOA
001 25710
007 ta
008 20040426b un ||||| |||| 00| 0 ukr d
100 _aЛессінг Готгольд Ефраїм
090 _a82
_bЛ51
942 _cSA
040 _aUA-OsUOA
_bukr
_cUA-OsUOA
_dUA-OsUOA
245 _aБайки
_bЗ німецької переклав Ігор Артемчук
300 _aС.154-163
955 _a0
041 _aukr
080 _a82
044 _aUA
773 0 _w0
_tВсесвіт
_dК.
_d2004
_g№1-2
650 7 _aЛітература
_2UDC
999 _c312009
_d312009